|
|
|
|
| LEADER |
00000nam a22000007a 4500 |
| 005 |
20120626134116.0 |
| 007 |
cr|||| |||| |
| 008 |
120626s2004 pe |||||s|||| 00||0 spa d |
| 020 |
|
|
|a 9972-733-69-6
|
| 035 |
|
|
|a 6464
|
| 040 |
|
|
|a vLex
|
| 090 |
|
|
|c 3245
|d 3245
|
| 100 |
1 |
|
|a Kresalja Rossell,̤ Baldo
|
| 245 |
1 |
3 |
|a La propiedad industrial
|h [Recurso electrn̤ico] :
|b Evolucin̤ y tratamiento normativo en la Regin̤ Andina y el Per ︢/
|c Baldo Kresalja Rossell ̤
|
| 256 |
|
|
|a Servicio en ln̕ea
|
| 260 |
|
|
|a Lima :
|b Editorial Palestra,
|c 2004
|
| 300 |
|
|
|a 1 recurso electrn̤ico
|
| 650 |
0 |
4 |
|a Propiedad industrial
|z Per︢
|
| 740 |
0 |
|
|a vLex Libros (Servicio en ln̕ea)
|
| 856 |
4 |
0 |
|u http://vlex.com/source/propiedad-industrial-evolucion-tratamiento-normativo-region-andina-peru-6464
|z Acceso restringido
|
| 942 |
|
|
|c BOOK
|
| 999 |
0 |
|
|a Industrial property
|